Allgemeiner Handatlas in 140 Kartenseiten
| Hlavní autor: | Andree, Richard, 1835-1912 |
|---|---|
| Jazyk: | Němčina |
| Vydáno: |
Bielefeld u. Leipzig, 1892 |
| Vydání: | 3. neub. Aufl. |
| Fyzický popis: |
166 s., 140 mp. |
|
| LEADER | 00582nam a22001932a 4500 | ||
|---|---|---|---|
| 001 | 000487095 | ||
| 003 | CZ BrMZK | ||
| 005 | 20131016104211.0 | ||
| 008 | 000105s1892 gw f ger d | ||
| 040 | |a BOA001 |b cze | ||
| 100 | 1 | |a Andree, Richard, |d 1835-1912 |7 jx20090217003 | |
| 245 | 1 | 0 | |a Allgemeiner Handatlas in 140 Kartenseiten |
| 250 | |a 3. neub. Aufl. | ||
| 260 | |a Bielefeld u. Leipzig, |c 1892 | ||
| 300 | |a 166 s., 140 mp. | ||
| 910 | |a BOA001 |b 5-0060.214 | ||
| 990 | |a BK | ||
| 993 | |a Y | ||
| 996 | 6 | |b 2619751739 |c 5-0060.214 |l MZK |r DEP / do 15 dnů |n 1 |w 000487095 |u 000010 |a 240 |e BOA001 |j MZK50 |s P | |
English
Čeština 